Quizzes
Events
Quiz Creation
Community
Videos
Private Events
Remove Ads
Sign In
Join for FREE
Feedback
Dark Mode
Quiz Categories
Sports
Geography
Music
Movies
Television
Just For Fun
Miscellaneous
History
Literature
Language
Science
Gaming
Entertainment
Religion
Holiday
For Kids
Quiz Lab
Recent
Popular Today
Quiz Kudos Today
Editor Picks
Curator Picks
Quizzes by...
Day
Popularity
Type
Ratings
Length
Year
Community
Subscriptions
Recent Discussions
Orange Saloon
Badges
Playlists
Quests
Create
Leaderboards
Showdown
Live 5
Trivia Bingo
Activity
Puzzle Library
Sporcle Events
Private Events
Virtual Trivia
Globe League
Become a Host
Pub Owners
SporcleCon
Opinionation
Our Games
Videos
Blog
Mobile Apps
Partnerships
Remove Ads and Go Orange
Feedback
Gaming
Video Games
Board Games
Card Games
Pokémon
Mario
Nintendo
Minecraft
Console
Toys
Legend of Zelda
Gaming
Video Games
Board Games
Card Games
Pokémon
Mario
Nintendo
Minecraft
Console
Toys
Legend of Zelda
Random Quiz
Search Sporcle
×
Quiz Lab
Quiz Lab
Gaming
Modern Warfare
Type in answers that appear in a list
Type in answers that appear in a list
Classic
Best Score? Go Orange.
MW2 - Create a Class Stats
Can you name the options of create-a-class in MW2?
By
Bouch
15m
95 Questions
1,354 Plays
1,354 Plays
1,354 Plays
Comments
Comments
Give Quiz Kudos
Give Quiz Kudos
-
- Ratings
hide this ad
Replay
Link that replays current quiz
Next Quiz
Link to next quiz in quiz playlist
You Got
0%
They Got
Avg Score
76%
Avg Friend Score
Upgrade to see
Score Distribution
Jump to the score distribution portion of the page
Score
0/95
Timer
15:00
0
Plays Today
% Correct
AK-47
93.8%
M4A1
93.1%
FAL
90.5%
SCAR-H
90.3%
Intervention
90.3%
UMP45
88.9%
M16A4
88.3%
FAMAS
88%
Red Dot Sight
87.8%
Barrett .50cal
86.6%
ACR
86.6%
RPG-7
85.5%
SPAS-12
85.3%
TAR-21
84.9%
Desert
84.8%
MP5K
83.5%
Desert Eagle
83.1%
Model 1887
82.4%
Silencer
82.4%
Flash Grenade
82.3%
WA2000
82.1%
AA-12
82.1%
Frag
81.9%
Mini-Uzi
81.7%
F2000
81.5%
M9
81.5%
Semtex
81.3%
FMJ
81.3%
P90
81.2%
Grenade Launcher
81%
RPD
80.8%
Holographic Sight
80.8%
% Correct
USP .45
80.6%
M21 EBR
80.5%
Red Tiger
80.5%
Stinger
80.4%
Stun Grenade
80.3%
ACOG Scope
80.3%
G18
80.1%
Smoke Grenade
80.1%
Blue Tiger
80.1%
Riot Shield
79.7%
PP2000
79.5%
.44 Magnum
79.4%
Ranger
79%
Javelin
79%
Vector
79%
Claymore
78.6%
M93 Raffica
78.3%
Fall
77.8%
Thermal
77.5%
Marathon
77%
Throwing Knife
76.8%
Thumper
76.7%
C4
75.6%
Striker
75.5%
Painkiller
74.9%
Stopping Power
74.8%
AUG HBAR
74.6%
Copycat
74.2%
Urban
74.1%
Woodland
73.7%
One Man Army
73.4%
Commando
73%
% Correct
Scavenger
72.5%
Tactical Insertion
72.3%
Ninja
72.3%
Extended Mags
72.2%
Cold-Blooded
72.1%
TMP
71.6%
Final Stand
71.6%
Heartbeat Sensor
71.3%
Lightweight
71.2%
Digital
70.9%
Last Stand
70.7%
Sleight of Hand
70.4%
Akimbo
69.7%
Arctic
69.6%
Shotgun
69.2%
AT4-HS
69%
Bling
68.8%
SitRep
67%
M1014
66.6%
Blast Shield
66.2%
Danger Close
65.8%
Grip
65.5%
Hardline
64.8%
L86 LSW
64.5%
Steady Aim
64.3%
Martyrdom
64.1%
Rapid Fire
62.2%
Scrambler
61.2%
MG4
60%
M240
58.7%
Tactical Knife
56.1%
Quiz Playlist
Details
Report
Send in Message
Add To Playlist
Classic:
Type in answers that appear in a list
Last Updated: Feb 16, 2017
Quiz Scoreboard
CHALLENGE
Sign Up to Join the Scoreboard
Show All
Scores
Hide
Comments
May contain spoilers
Recently Published
NBA Finals Game Top Scorers (2010s)
by flibbidy
Sports
5m
Guess the 'R' Things in 3 Words
by MSUKent
Miscellaneous
3m
Actor to Badly Drawn Movie III
by MoMosMoProblems
Movies
5m
More to Explore
Quiz From the Vault
Featured Blog Post
Where Does Lost Luggage Go?
hide this ad
You Might Also Like...
Tags
class
Modern Warfare
MW2
option
Today's Top Quizzes in Gaming
Browse Gaming
hide this ad
Today's Top Quizzes in Modern Warfare
Browse Modern Warfare
Top Contributed Quizzes in Gaming
1
Video Game Rainbow Blitz
2
Genshin Impact Logic Puzzle
3
Pokémon Gen IV Logic Puzzle (HARD)
4
Genshin Impact Logic Puzzle Quiz
5
Rainbow Six Siege Operators by Picture
6
Magic: the Gathering Set Symbols - LCI
7
Ordering Roman Numerals: Pokémon
8
St. Patrick's Pick: Gaming
9
Ultimate Genshin Impact Logic Puzzle (up to 4.3)
10
Wii Remote Buttons
Explore More
Trending Topics
Anime
Disney
Harry Potter
Kpop
NBA
Crossword
Marvel
NFL
Pokémon
WWE
Song
Country
Soccer
The Office
Puzzle
hide this ad
More By:
Bouch
Quiz
Plays
Rating
Category
Featured
Created
MW2 - Create a Class
1,354
3.40
Gaming
Dec 12, 2009
Primary Weapons in Call of Duty 4
200
1.00
Gaming
Nov 8, 2009
Go to Creator's Profile
Score Distribution
Quiz Creator Spotlight
Bouch
Follow
Send a Message
Quizzes Created
-
Created Quiz Play Count
-
More By This Creator
Popular Quizzes Today
1
Find the US States - No Outlines Minefield
2
Find the US States
3
The Countries of the World
4
10 Largest US States in Order
5
Find the Countries of Europe - No Outlines Minefield
6
US States
7
Guess the 'R' Things in 3 Words
8
NBA Finals Game Top Scorers (2010s)
More Gaming Quizzes
Team Fortress 2 Terminology & Lingo II
Quiz Lab
Trending Quizzes
First Name TV: Leading Men
First Name TV: Leading Women Drama
Match the Book to the Film II
3-Word Movies in 1 Word II
Match the Book to the Film VI
Recently Updated
Women's Final Four Teams by Year
bhenderson79
Presidents Quartet II
eogle
Anything But Clue(do)
eogle
Anything But Oceanian Capitals
eogle
Anything But 7
eogle
Anything But Thing
eogle
Word Ladder: February 29
pecheneg
Song Title Questions
pecheneg
Women's NCAA Tournament #1 Seeds
pecheneg
Celebrity Mug Shots
pecheneg
Trending Topics
Marvel
Harry Potter
Anime
Kpop
Disney
NBA
Crossword
WWE
Soccer
The Office
Country
Puzzle
NFL
Pokémon
Song
Your Account Isn't Verified!
In order to create a playlist on Sporcle, you need to verify the email address you used during registration. Go to your
Sporcle Settings
to finish the process.
Report this User
Report this user for behavior that violates our
Community Guidelines
.
Details:
Send Report
Go to the Sporcle.com Mobile Site →
Comments